000 00723nam a22002057a 4500
999 _c175542
_d175542
005 20200908150907.0
010 _aENG-128393
020 _c450.00
_a9789390168927
035 _aEN-111925
037 _bDBAD/PUB
082 _a500
100 _aDhawan, Prem
245 _aCBSE 2021 Question Bank Science Class 10/
_cby Prem Dhawan, RP Sharma & Rachna Gupta
260 _aNoida
_bPearson
_c2021
270 _a15th floor,Tower-B,Word Trade Tower,Plot no.1,Block-C sec 16,
_bNoida
_e201301
_k04466540100
_mcompanysecretary.india@pearson.com
300 _axxx;various pages.
_c25cm(pbk)
_bIllustrations, Tables & Diagrams
700 _aSharma, R.P
700 _aGupta, Rachna
942 _2ddc
_cEN
_h500
_mDHA